Heaven, Texas / (Record no. 234235)

000 -LEADER
fixed length control field 01479cam a22003373a 4500
001 - CONTROL NUMBER
control field 17277983
003 - CONTROL NUMBER IDENTIFIER
control field Nust
005 - DATE AND TIME OF LATEST TRANSACTION
control field 20170316125140.0
008 - FIXED-LENGTH DATA ELEMENTS--GENERAL INFORMATION
fixed length control field 120428s1995 nyu 000 1 eng d
010 ## - LIBRARY OF CONGRESS CONTROL NUMBER
LC control number 94096284
020 ## - INTERNATIONAL STANDARD BOOK NUMBER
International Standard Book Number 9780749937768
020 ## - INTERNATIONAL STANDARD BOOK NUMBER
International Standard Book Number 0749937768
035 ## - SYSTEM CONTROL NUMBER
System control number (OCoLC)ocm32164701
040 ## - CATALOGING SOURCE
Original cataloging agency SVP
Transcribing agency SVP
Modifying agency SLC
-- OCL
-- OCLCQ
-- OCL
-- BAKER
-- VP@
-- BTCTA
-- YDXCP
-- UPZ
-- DLC
042 ## - AUTHENTICATION CODE
Authentication code lccopycat
043 ## - GEOGRAPHIC AREA CODE
Geographic area code n-us-tx
050 00 - LIBRARY OF CONGRESS CALL NUMBER
Classification number CPB Box no. 3 vol. 5
082 ## - DEWEY DECIMAL CLASSIFICATION NUMBER
Classification number 813.54
Author Mark PHI
100 1# - MAIN ENTRY--PERSONAL NAME
Personal name Phillips, Susan Elizabeth.
245 10 - TITLE STATEMENT
Title Heaven, Texas /
Statement of responsibility, etc. Susan Elizabeth Phillips.
260 ## - PUBLICATION, DISTRIBUTION, ETC.
Place of publication, distribution, etc. New York, N.Y. :
Name of publisher, distributor, etc. Avon Books,
Date of publication, distribution, etc. 1995.
300 ## - PHYSICAL DESCRIPTION
Extent 371 p. ;
Dimensions 18 cm.
490 0# - SERIES STATEMENT
Series statement Avon Romance
520 ## - SUMMARY, ETC.
Summary, etc. Come heck or high water, Gracie Snow is determined to drag the legendary ex-jock Bobby Tom Denton back home to Heaven, Texas, to begin shooting his first motion picture. But bad boy Bobby has no plans to cooperate with the prim and bossy Ohio wallflower whom he can't get off his mind or out of his life.
650 #0 - SUBJECT ADDED ENTRY--TOPICAL TERM
Topical term or geographic name entry element Motion pictures
General subdivision Production and direction
Form subdivision Fiction.
650 #0 - SUBJECT ADDED ENTRY--TOPICAL TERM
Topical term or geographic name entry element Football players
Form subdivision Fiction.
650 #0 - SUBJECT ADDED ENTRY--TOPICAL TERM
Topical term or geographic name entry element Actors
Form subdivision Fiction.
651 #0 - SUBJECT ADDED ENTRY--GEOGRAPHIC NAME
Geographic name Texas
Form subdivision Fiction.
655 #7 - INDEX TERM--GENRE/FORM
Genre/form data or focus term Love stories.
Source of term gsafd
710 2# - ADDED ENTRY--CORPORATE NAME
Corporate name or jurisdiction name as entry element Copyright Paperback Collection (Library of Congress)
Institution to which field applies DLC
856 42 - ELECTRONIC LOCATION AND ACCESS
Materials specified Contributor biographical information
Uniform Resource Identifier <a href="http://www.loc.gov/catdir/enhancements/fy1604/94096284-b.html">http://www.loc.gov/catdir/enhancements/fy1604/94096284-b.html</a>
906 ## - LOCAL DATA ELEMENT F, LDF (RLIN)
a 7
b cbc
c copycat
d 2
e epcn
f 20
g y-genrareb
942 ## - ADDED ENTRY ELEMENTS (KOHA)
Source of classification or shelving scheme
Koha item type Book
Holdings
Withdrawn status Lost status Source of classification or shelving scheme Damaged status Not for loan Collection code Permanent Location Current Location Shelving location Date acquired Total Checkouts Full call number Barcode Date last seen Copy number Price effective from Koha item type
            Central Library (CL) Central Library (CL) Fiction 03/16/2017   813.54 PHI CL166 03/16/2017 1 03/16/2017 Book
© 2023 Central Library, National University of Sciences and Technology. All Rights Reserved.